[Event "Czech Coal"]
[Site "Carlsbad CZE"]
[Date "2007.09.11"]
[Round "4"]
[White "Movsesian, S."]
[Black "Shirov, A."]
[Result "1/2-1/2"]
[WhiteElo "2667"]
[BlackElo "2735"]
[PlyCount "26"]
[EventDate "2007.09.08"]
[Source "www.chesslib.no"]
[SourceDate "2004.05.04"]

1. e4 e5 2. Nf3 Nc6 3. Bb5 a6 4. Bxc6 dxc6 5. O-O Be7 6. Nxe5 Qd4 7. Qh5 Be6 8. Nf3 Qxe4 9. Ng5 Qf5 10. Nxe6 Qxe6 11. Nc3 Nf6 12. Qf3 O-O-O 13. d3 Rhe8 1/2-1/2

[Event "Jakarta m 25' blindfold"]
[Site "Jakarta"]
[Date "1997.11.20"]
[Round "1"]
[White "Adianto, Utut"]
[Black "Karpov, Anatoly"]
[Result "0-1"]
[WhiteElo "2610"]
[BlackElo "2745"]
[PlyCount "102"]
[EventDate "1997.11.20"]
[Source "ChessBase"]
[SourceDate "1998.04.09"]

1. e4 e5 2. Nf3 Nc6 3. Bb5 a6 4. Bxc6 dxc6 5. O-O Qd6 6. Na3 Be6 7. Qe2 f6 8. Nc4 Qd7 9. c3 c5 10. Rd1 b5 11. Ne3 c4 12. a4 Rd8 13. axb5 axb5 14. Ne1 Qc6 15. d3 cxd3 16. Rxd3 Bd6 17. Qh5+ g6 18. Qf3 f5 19. exf5 Qxf3 20. Nxf3 gxf5 21. Ng5 Bd7 22. Rd1 Ne7 23. b3 h6 24. Nf3 Be6 25. c4 f4 26. Nd5 bxc4 27. bxc4 Nxd5 28. cxd5 Bg4 29. Re1 Bxf3 30. gxf3 Kf7 31. Bb2 Kf6 32. Re4 Kf5 33. Rae1 Rhe8 34. Kf1 Rb8 35. Bc1 Rg8 36. Ra4 Rb5 37. Rd1 Rd8 38. Ra2 Rdb8 39. Ke2 Rb3 40. Rc2 R8b4 41. Bd2 Rd4 42. Bc3 Rxd1 43. Kxd1 e4 44. fxe4+ Kxe4 45. Bd2 Kxd5 46. Ra2 Ke4 47. Ke2 f3+ 48. Kd1 Kd3 49. Bc1 h5 50. Rd2+ Kc4 51. Re2 fxe2+ 0-1

[Event "Clash of Titans"]
[Site "?"]
[Date "1997.??.??"]
[Round "?"]
[White "Adianto, U."]
[Black "Karpov, An"]
[Result "1/2-1/2"]
[WhiteElo "2610"]
[BlackElo "2745"]
[PlyCount "66"]
[EventDate "1997.??.??"]
[Source "www.chesslib.no"]
[SourceDate "2004.05.04"]

1. e4 e5 2. Nf3 Nc6 3. Bb5 a6 4. Bxc6 dxc6 5. O-O Qd6 6. Na3 f6 7. Nc4 Qe6 8. b3 c5 9. c3 b5 10. Ne3 Bb7 11. d3 Rd8 12. Qe2 Nh6 13. c4 Nf7 14. a4 b4 15. Bb2 g5 16. Rad1 Rd7 17. Ne1 h5 18. N1c2 Nd6 19. f3 Kd8 20. Bc1 a5 21. Qf2 Kc8 22. Nd5 Ne8 23. Qe2 Rg7 24. Nde3 Nd6 25. Qf2 Bc6 26. Nd5 Nf7 27. Nce3 Nh6 28. Qe2 Kb7 29. Qf2 Bd7 30. Nc2 Nf7 31. Nce3 Nd6 32. Nc2 Nf7 33. Nce3 Nd6 1/2-1/2

[Event "It (Men) Sarajevo BIH"]
[Site "?"]
[Date "2005.05.21"]
[Round "3"]
[White "Volokitin Andrei"]
[Black "Sokolov Ivan"]
[Result "0-1"]
[WhiteElo "2679"]
[BlackElo "2662"]
[PlyCount "84"]
[EventDate "2005.??.??"]
[Source "www.chesslib.no"]
[SourceDate "2004.05.04"]

1. e4 e5 2. Nf3 Nc6 3. Bb5 a6 4. Bxc6 dxc6 5. O-O Be7 6. Nxe5 Qd4 7. Qh5 g6 8. Nf3 Qxe4 9. Qa5 b6 10. Qc3 Bf6 11. d4 Be6 12. Re1 Qd5 13. Qd3 Qf5 14. Qxf5 gxf5 15. Bg5 O-O-O 16. Nc3 h6 17. Bxf6 Nxf6 18. Ne2 Nh5 19. Ne5 Kb7 20. Rad1 Rhg8 21. f3 Rg5 22. g3 f4 23. g4 f5 24. h3 fxg4 25. fxg4 Rf8 26. Rf1 c5 27. Nf3 Rg7 28. d5 Bd7 29. Nd2 Nf6 30. Rxf4 Nxg4 31. Rxf8 Ne3+ 32. Kh2 Rg2+ 33. Kh1 Rxe2 34. Rc1 Rxd2 35. c4 Nd1 36. b3 Bxh3 37. a4 h5 38. Ra1 a5 39. Rh8 Bg4 40. Kg1 Bf3 41. Rg8 h4 42. Rf8 Rg2+ 0-1

[Event "Framingham, MA"]
[Site "?"]
[Date "2001.01.28"]
[Round "4"]
[White "Ivanov Alexander"]
[Black "Christiansen Larry"]
[Result "1/2-1/2"]
[WhiteElo "2669"]
[BlackElo "2665"]
[PlyCount "35"]
[EventDate "2001.??.??"]
[Source "www.chesslib.no"]
[SourceDate "2004.05.04"]

1. e4 e5 2. Nf3 Nc6 3. Bb5 a6 4. Bxc6 dxc6 5. O-O Qd6 6. d3 Bg4 7. Nbd2 f6 8. Nc4 Qd7 9. Ne3 Be6 10. d4 exd4 11. Qxd4 Qxd4 12. Nxd4 Bf7 13. b3 Nh6 14. Bb2 Bc5 15. Rfd1 O-O 16. Kf1 Rfe8 17. f3 Rad8 18. h4 1/2-1/2

[Event "Sibenik"]
[Site "?"]
[Date "2006.09.30"]
[Round "9.1"]
[White "Nisipeanu Liviu-Dieter"]
[Black "Delchev Aleksander"]
[Result "1-0"]
[WhiteElo "2696"]
[BlackElo "2637"]
[PlyCount "97"]
[EventDate "2006.??.??"]
[Source "www.chesslib.no"]
[SourceDate "2004.05.04"]

1. e4 e5 2. Nf3 Nc6 3. Bb5 a6 4. Bxc6 dxc6 5. O-O Bg4 6. h3 h5 7. d3 Qf6 8. Nbd2 Ne7 9. Re1 Ng6 10. d4 Nf4 11. hxg4 hxg4 12. g3 gxf3 13. Qxf3 Ne6 14. dxe5 Qxe5 15. Qf5 Rh5 16. Qxe5 Rxe5 17. Nf3 Rb5 18. b3 Bb4 19. Rd1 Bc3 20. Rb1 Rd8 21. Rxd8+ Nxd8 22. Kf1 Ne6 23. Bd2 Bxd2 24. Nxd2 Rc5 25. Rc1 Ra5 26. a4 b5 27. Ra1 c5 28. c4 Nd4 29. Ra2 Nc6 30. f4 Nb4 31. Ra1 bxa4 32. bxa4 Nc2 33. Nb3 Nxa1 34. Nxa5 Nc2 35. Ke2 Nd4+ 36. Kd3 Kd7 37. Nb7 Kc6 38. Nd8+ Kb6 39. Nxf7 Ka5 40. Nd8 Kxa4 41. e5 Nf5 42. g4 Nh6 43. g5 Nf5 44. Nc6 Kb3 45. e6 g6 46. e7 Ng7 47. Nd8 a5 48. Ne6 Ne8 49. f5 1-0

[Event "Bruxelles"]
[Site "?"]
[Date "1988.??.??"]
[Round "?"]
[White "Timman, J."]
[Black "Nikolic, Pr"]
[Result "1/2-1/2"]
[WhiteElo "2675"]
[BlackElo "2630"]
[PlyCount "83"]
[EventDate "1988.??.??"]
[Source "ChessBase"]
[SourceDate "1988.01.01"]

1. e4 e5 2. Nf3 Nc6 3. Bb5 a6 4. Bxc6 dxc6 5. O-O Ne7 6. Nxe5 Qd4 7. Qh5 g6 8. Nf3 Qxe4 9. Qa5 Qf4 10. d3 Qd6 11. Nbd2 Nd5 12. Ne4 Qb4 13. Qxb4 Nxb4 14. Bd2 Be7 15. a3 Nd5 16. c4 Nb6 17. Bf4 Bf5 18. Rfe1 O-O-O 19. Neg5 Bxg5 20. Bxg5 Rde8 21. Ne5 Be6 22. Bf6 Rhg8 23. Re3 Nd7 24. Nxd7 Bxd7 25. Rae1 Re6 26. Rxe6 Bxe6 27. h4 Re8 28. f3 Bd7 29. Re4 c5 30. Kf2 Rxe4 31. dxe4 Be6 32. b3 b5 33. cxb5 axb5 34. b4 cxb4 35. axb4 Kd7 36. Ke3 Bc4 37. Bd4 Ke6 38. g4 h5 39. Ba7 Bb3 40. gxh5 gxh5 41. f4 Bd1 42. Bc5 1/2-1/2

[Event "match Holanda"]
[Site "?"]
[Date "1988.??.??"]
[Round "?"]
[White "Ljubojevic, L."]
[Black "Karpov, An"]
[Result "0-1"]
[WhiteElo "2610"]
[BlackElo "2685"]
[PlyCount "108"]
[EventDate "1988.??.??"]
[Source "www.chesslib.no"]
[SourceDate "2004.05.04"]

1. e4 e5 2. Nf3 Nc6 3. Bb5 a6 4. Bxc6 dxc6 5. O-O Qd6 6. d4 exd4 7. Qxd4 Ne7 8. Nc3 Ng6 9. h3 Bd7 10. Be3 Qxd4 11. Nxd4 Bb4 12. Nce2 O-O-O 13. Ng3 Rhe8 14. Rfd1 Bd6 15. Ndf5 Bxf5 16. exf5 Ne7 17. Nh5 Nxf5 18. Bg5 f6 19. Bd2 Be5 20. Bc3 Bxc3 21. bxc3 Re7 22. Kf1 Nd6 23. Rd3 f5 24. Rad1 g6 25. Nf4 Rde8 26. h4 Re4 27. g3 Ra4 28. Ra1 b5 29. Ne2 Kb7 30. Rd4 Ra3 31. Rd3 c5 32. f3 Kc6 33. Kf2 Nc4 34. Rdd1 Ne3 35. Rd3 Nc4 36. Rdd1 a5 37. Rd3 Nb6 38. Re3 Rxe3 39. Kxe3 b4 40. Kd2 Nd5 41. cxb4 axb4 42. Ng1 c4 43. Ne2 Kc5 44. Ng1 Rc3 45. Rf1 Ra3 46. Ra1 Nc3 47. Kc1 Rxa2 48. Rxa2 Nxa2+ 49. Kb2 Nc3 50. Nh3 Nd5 51. Ng5 Nf6 52. Nh3 Kd4 53. Nf4 c3+ 54. Kc1 c5 0-1

[Event "San Lorenzo m"]
[Site "?"]
[Date "1993.??.??"]
[Round "?"]
[White "Timman, Jan Hein"]
[Black "Short, Nigel D"]
[Result "0-1"]
[WhiteElo "2635"]
[BlackElo "2655"]
[PlyCount "79"]
[EventDate "1993.??.??"]
[Source "www.chesslib.no"]
[SourceDate "2004.05.04"]

1. e4 e5 2. Nf3 Nc6 3. Bb5 a6 4. Bxc6 dxc6 5. O-O Ne7 6. Nxe5 Qd4 7. Qh5 g6 8. Qg5 Bg7 9. Nd3 f5 10. e5 c5 11. b3 h6 12. Qg3 f4 13. Qf3 Bf5 14. Qxb7 Be4 15. Qxc7 Bxd3 16. cxd3 Bxe5 17. Qb7 Rb8 18. Qxa6 f3 19. Nc3 fxg2 20. Re1 O-O 21. Qe6+ Rf7 22. Nd1 Qxa1 23. Qxe5 Qxe5 24. Rxe5 Nc6 25. Rxc5 Nb4 26. Ba3 Nxd3 27. Rc6 Ra8 28. Rd6 Rxa3 29. Rxd3 Rxa2 30. Ne3 Kg7 31. Kxg2 Ra5 32. Rd4 Rb5 33. b4 Rbb7 34. Rc4 Rfc7 35. Rg4 Rd7 36. h4 h5 37. Rg5 Rxb4 38. d4 Rf7 39. Rd5 Rb2 40. Rf5 0-1

[Event "Baden-Baden"]
[Site "Baden-Baden"]
[Date "1981.??.??"]
[Round "?"]
[White "Hort, Vlastimil"]
[Black "Kortschnoj, Viktor"]
[Result "1/2-1/2"]
[WhiteElo "2595"]
[BlackElo "2695"]
[PlyCount "58"]
[EventDate "1981.07.??"]
[Source "ChessBase"]

1. e4 e5 2. Nf3 Nc6 3. Bb5 a6 4. Bxc6 dxc6 5. O-O Bg4 6. h3 Bxf3 7. Qxf3 Qd7 8. d3 Ne7 9. Nd2 Ng6 10. Nc4 Bd6 11. Be3 O-O 12. Rad1 Rae8 13. Qg4 f5 14. exf5 Rxf5 15. Nd2 Ref8 16. Ne4 Nf4 17. Rfe1 Be7 18. c3 Qd5 19. Rd2 h5 20. Qg3 Qf7 21. d4 Ng6 22. Bg5 Bd6 23. Nxd6 cxd6 24. dxe5 Nxe5 25. f4 Ng6 26. Rxd6 Nxf4 27. Bxf4 Rxf4 28. Rde6 h4 29. Qg5 Rf1+ 1/2-1/2

[Event "Mind Sports Games - Rapid Pair"]
[Site "Pechino CINA"]
[Date "2008.10.10"]
[Round "5"]
[White "Socko, B."]
[Black "Zhang Zhong"]
[Result "1/2-1/2"]
[WhiteElo "2631"]
[BlackElo "2649"]
[PlyCount "113"]
[EventDate "2008.10.09"]
[Source "www.chesslib.no"]
[SourceDate "2004.05.04"]

1. e4 e5 2. Nf3 Nc6 3. Bb5 a6 4. Bxc6 dxc6 5. O-O Qd6 6. Na3 Qe6 7. b3 Ne7 8. Bb2 Ng6 9. Nc4 f6 10. d4 exd4 11. Nxd4 Qg4 12. h3 Qxd1 13. Raxd1 Bd7 14. f4 c5 15. Ne2 b5 16. Ne3 Bd6 17. Nd5 Bc6 18. f5 Ne7 19. Nef4 Nxd5 20. exd5 Bxf4 21. Rxf4 O-O-O 22. c4 Rhe8 23. Kf2 bxc4 24. bxc4 Ba4 25. Rd2 Kd7 26. Rh4 h6 27. Rg4 Re7 28. Rg3 Rb8 29. Ba3 Kd6 30. Re2 Rxe2+ 31. Kxe2 Re8+ 32. Kd3 Re7 33. Bc1 Bd1 34. Bf4+ Kd7 35. Be3 Kd6 36. Bf4+ Kd7 37. Be3 Kd6 38. Kd2 Bh5 39. Bf4+ Kd7 40. Rb3 Re4 41. g3 Kc8 42. Ra3 Rxc4 43. Rxa6 Rd4+ 44. Kc3 Rxd5 45. Ra8+ Kb7 46. Rg8 Rxf5 47. Rxg7 Bf3 48. Bxh6 Rh5 49. Bf4 Rxh3 50. Rxc7+ Kb6 51. Rf7 Kb5 52. Rxf6 Bd5 53. Bc7 Rh7 54. Rb6+ Ka4 55. Bd6 Rh6 56. a3 Ka5 57. Bxc5 1/2-1/2

[Event "Moscow (ol)"]
[Site "?"]
[Date "1994.??.??"]
[Round "?"]
[White "Ljubojevic, Lj"]
[Black "Ivanchuk, V."]
[Result "1/2-1/2"]
[WhiteElo "2580"]
[BlackElo "2695"]
[PlyCount "32"]
[EventDate "1994.??.??"]
[Source "ChessBase"]
[SourceDate "1994.10.01"]

1. e4 e5 2. Nf3 Nc6 3. Bb5 a6 4. Bxc6 dxc6 5. O-O Ne7 6. Nxe5 Qd4 7. Qh5 g6 8. Nf3 Qxe4 9. Qa5 Bg4 10. Re1 Qd5 11. Qxc7 Bxf3 12. gxf3 Qxf3 13. Qxb7 Qg4+ 14. Kf1 Qh3+ 15. Kg1 Qg4+ 16. Kf1 Qh3+ 1/2-1/2

[Event "HB Global Chess Challenge"]
[Site "?"]
[Date "2005.05.19"]
[Round "3.6"]
[White "Khachiyan Melikset"]
[Black "Ibragimov Ildar"]
[Result "0-1"]
[WhiteElo "2570"]
[BlackElo "2701"]
[PlyCount "78"]
[EventDate "2005.??.??"]
[Source "www.chesslib.no"]
[SourceDate "2004.05.04"]

1. e4 e5 2. Nf3 Nc6 3. Bb5 a6 4. Bxc6 dxc6 5. O-O Qd6 6. Na3 b5 7. Nb1 Ne7 8. a4 Ng6 9. d4 Bg4 10. axb5 cxb5 11. Nc3 c6 12. dxe5 Nxe5 13. Qxd6 Bxd6 14. Nd4 Bc5 15. Nf5 O-O 16. Be3 Bb4 17. Na2 Bxf5 18. Nxb4 Bxe4 19. Rfe1 a5 20. Bc5 axb4 21. Bxf8 Rxa1 22. Rxa1 Kxf8 23. Re1 f5 24. f3 Nxf3+ 25. gxf3 Bxf3 26. Rc1 Bd5 27. Kf2 Kf7 28. Ke3 g5 29. c3 bxc3 30. b4 Kf6 31. Kd4 h5 32. Rxc3 g4 33. Re3 f4 34. Re8 h4 35. Rf8+ Kg5 36. Ke5 g3 37. Rf5+ Kg4 38. Rxf4+ Kh3 39. hxg3 hxg3 0-1

[Event "5e GP du Senat"]
[Site "Paris"]
[Date "2004.09.25"]
[Round "1"]
[White "Fressinet, Laurent"]
[Black "Hjartarson, Johann"]
[Result "1-0"]
[WhiteElo "2637"]
[BlackElo "2628"]
[PlyCount "55"]
[EventDate "2004.09.25"]
[Source "Roberto Alvarez"]
[SourceDate "2004.10.05"]

1. e4 e5 2. Nf3 Nc6 3. Bb5 a6 4. Bxc6 dxc6 5. O-O Qd6 6. Na3 Be6 7. Qe2 f6 8. Rd1 Bg4 9. c3 O-O-O 10. d4 Qe6 11. Nc2 exd4 12. Ncxd4 Qe8 13. b4 c5 14. bxc5 Bxc5 15. Bf4 Ne7 16. h3 Bd7 17. Qc4 Bb6 18. Rab1 Nc6 19. Re1 Qg8 20. Qe2 Nxd4 21. cxd4 g5 22. Bg3 g4 23. hxg4 Bxg4 24. Rxb6 cxb6 25. Qc2+ Kd7 26. Qc7+ Ke8 27. e5 f5 28. Bh4 1-0

[Event "Politiken Cup"]
[Site "Helsingor DAN"]
[Date "2008.07.24"]
[Round "7"]
[White "Roiz, M."]
[Black "Golod, V."]
[Result "1/2-1/2"]
[WhiteElo "2680"]
[BlackElo "2578"]
[PlyCount "25"]
[EventDate "2008.07.19"]
[Source "www.chesslib.no"]
[SourceDate "2004.05.04"]

1. e4 e5 2. Nf3 Nc6 3. Bb5 a6 4. Bxc6 dxc6 5. O-O Bg4 6. h3 h5 7. d3 Qf6 8. Be3 Bxf3 9. Qxf3 Qxf3 10. gxf3 Bd6 11. Nd2 Ne7 12. Nc4 Ng6 13. Rad1 1/2-1/2

[Event "LXI Lega superiore camp. russo"]
[Site "Novokuznetsk RUS"]
[Date "2008.09.06"]
[Round "4"]
[White "Kokarev, Dm"]
[Black "Inarkiev, E."]
[Result "1/2-1/2"]
[WhiteElo "2582"]
[BlackElo "2675"]
[PlyCount "91"]
[EventDate "2008.09.03"]
[Source "www.chesslib.no"]
[SourceDate "2004.05.04"]

1. e4 e5 2. Nf3 Nc6 3. Bb5 a6 4. Bxc6 dxc6 5. O-O Be7 6. d3 Bf6 7. Nbd2 Be6 8. Nb3 Qd6 9. Ng5 Bxb3 10. axb3 Ne7 11. Qh5 Ng6 12. Be3 c5 13. g3 Bxg5 14. Qxg5 f6 15. Qh5 b6 16. f4 Ke7 17. f5 Nf8 18. g4 Nd7 19. g5 a5 20. Kh1 Rag8 21. Qh4 Kd8 22. gxf6 gxf6 23. Rg1 Qe7 24. Qh5 Kc8 25. Bf2 Rg5 26. Rxg5 fxg5 27. Be3 h6 28. Rg1 Qf8 29. Bd2 Nf6 30. Qh3 Qe8 31. Bc3 Kd7 32. Rd1 Kd6 33. Qf3 Rh7 34. Be1 Qh5 35. Qxh5 Nxh5 36. Kg2 Ke7 37. c3 Rh8 38. Kf3 Rd8 39. Bg3 Nxg3 40. hxg3 h5 41. Ke3 Kf6 42. Rh1 Rh8 43. Rh2 Rh7 44. Rh1 Rh8 45. Rh2 Rh7 46. Rh1 1/2-1/2

[Event "LXI Lega superiore camp. russo"]
[Site "Novokuznetsk RUS"]
[Date "2008.09.10"]
[Round "7"]
[White "Kobalia, M."]
[Black "Lastin, A."]
[Result "1/2-1/2"]
[WhiteElo "2618"]
[BlackElo "2639"]
[PlyCount "57"]
[EventDate "2008.09.03"]
[Source "www.chesslib.no"]
[SourceDate "2004.05.04"]

1. e4 e5 2. Nf3 Nc6 3. Bb5 a6 4. Bxc6 dxc6 5. O-O Be7 6. d3 Bf6 7. Nbd2 Ne7 8. d4 Ng6 9. dxe5 Nxe5 10. Nxe5 Bxe5 11. Qh5 Bf6 12. e5 Be7 13. Ne4 Qd5 14. Re1 h6 15. c4 Qe6 16. b3 Bd7 17. Bb2 O-O-O 18. Rad1 Qf5 19. Qe2 Be6 20. h3 Qg6 21. Qe3 Kb8 22. Kh2 h5 23. Bc3 Bf5 24. Rxd8+ Rxd8 25. Qf3 h4 26. Re3 Rd3 27. Nd2 Rd8 28. Ne4 Rd3 29. Nd2 1/2-1/2

[Event "Ch Bosnia & Herzegovina (team)"]
[Site "Vogosca (Bosnia & Herzegovina"]
[Date "2007.06.10"]
[Round "9"]
[White "Balogh Csaba (HUN)"]
[Black "Nikolic Predrag (BIH)"]
[Result "0-1"]
[WhiteElo "2617"]
[BlackElo "2631"]
[PlyCount "112"]
[EventDate "2007.??.??"]
[Source "www.chesslib.no"]
[SourceDate "2004.05.04"]

1. e4 e5 2. Nf3 Nc6 3. Bb5 a6 4. Bxc6 dxc6 5. O-O Be7 6. d3 Bf6 7. Nbd2 Ne7 8. Nc4 Ng6 9. b3 O-O 10. Bb2 Re8 11. h3 c5 12. Nh2 b5 13. Ne3 Be7 14. a4 Be6 15. Nf5 Bf8 16. Ng4 f6 17. g3 Qd7 18. Nge3 Rad8 19. Qf3 Nh8 20. axb5 axb5 21. h4 Ra8 22. Nd5 Nf7 23. Nfe3 Nd6 24. Kh2 Reb8 25. Qxf6 c6 26. Qxe5 cxd5 27. Nxd5 Nf7 28. Qc7 Qe8 29. Rxa8 Rxa8 30. Nf4 Bd6 31. Qb7 Ra2 32. Rb1 Bd7 33. Qd5 b4 34. Nh5 Bf8 35. Nf4 Bc6 36. Qf5 Qd7 37. Ne6 Ra8 38. Qh3 Nd8 39. Nxd8 Qxh3+ 40. Kxh3 Rxd8 41. Ra1 Ra8 42. Rxa8 Bxa8 43. Kg4 Kf7 44. f4 Bc6 45. Kf3 h5 46. d4 cxd4 47. Bxd4 g6 48. c3 Bd7 49. cxb4 Bxb4 50. Bb6 Bg4+ 51. Kf2 Ke6 52. Bd4 Bd1 53. Kg2 Bxb3 54. g4 hxg4 55. Kg3 Bd1 56. h5 Be1+ 0-1

[Event "DSU"]
[Site "?"]
[Date "1998.03.01"]
[Round "?"]
[White "Read Michael (ENG)"]
[Black "Oosterom Joop van (NED)"]
[Result "1/2-1/2"]
[WhiteElo "2562"]
[BlackElo "2684"]
[PlyCount "66"]
[EventDate "1998.??.??"]
[Source "www.chesslib.no"]
[SourceDate "2004.05.04"]

1. e4 e5 2. Nf3 Nc6 3. Bb5 a6 4. Bxc6 dxc6 5. O-O Bg4 6. h3 h5 7. d3 Qf6 8. Nbd2 Bd6 9. Re1 Ne7 10. d4 Ng6 11. hxg4 hxg4 12. Nh2 Rxh2 13. Qxg4 Qh4 14. Qxh4 Rxh4 15. Nf3 Rh5 16. dxe5 Nxe5 17. Nxe5 Bxe5 18. c3 g5 19. g3 g4 20. Kg2 Ke7 21. Rh1 Rxh1 22. Kxh1 Ke6 23. Kg2 c5 24. Be3 c4 25. Rd1 b5 26. Bf4 c6 27. Kf1 Rh8 28. Ke2 Bxf4 29. gxf4 Rh3 30. Rd8 Rh1 31. Rd1 Rh3 32. Rd8 Rh1 33. Rd1 Rh3 1/2-1/2

[Event "Reykjavik cm qf"]
[Site "Reykjavik"]
[Date "1977.??.??"]
[Round "16"]
[White "Hort, V."]
[Black "Spassky, B."]
[Result "1/2-1/2"]
[WhiteElo "2620"]
[BlackElo "2610"]
[PlyCount "128"]
[EventDate "1977.??.??"]
[Source "www.chesslib.no"]
[SourceDate "2004.05.04"]

1. e4 e5 2. Nf3 Nc6 3. Bb5 a6 4. Bxc6 dxc6 5. O-O Bg4 6. h3 h5 7. d3 Qf6 8. Nbd2 Ne7 9. Nc4 Bxf3 10. Qxf3 Qxf3 11. gxf3 Ng6 12. Be3 Be7 13. Kh1 Bf6 14. a4 O-O-O 15. a5 Nh4 16. Nd2 Ng6 17. Rad1 Nf4 18. Bxf4 exf4 19. Nc4 g5 20. Kg2 Rh6 21. Rfe1 c5 22. c3 Bg7 23. Rg1 Rg6 24. Kf1 b5 25. axb6 cxb6 26. Ke2 b5 27. Na5 Kc7 28. Nb3 Kb6 29. Ra1 Bf8 30. Ra2 Be7 31. Rga1 Ra8 32. Ra5 Rc6 33. Kd2 Bf6 34. Kc2 c4 35. Nc1 cxd3+ 36. Nxd3 Be7 37. e5 h4 38. b4 Kb7 39. R5a3 Rd8 40. Rd1 Rdc8 41. Kb2 Re6 42. Raa1 Kb6 43. Rac1 Rc7 44. Kb3 Rec6 45. Nb2 a5 46. bxa5+ Kxa5 47. Rd5 Kb6 48. c4 Rc5 49. Rxc5 Rxc5 50. Nd3 bxc4+ 51. Rxc4 Rd5 52. Kc3 Bc5 53. Ra4 Kb5 54. Re4 Rd7 55. Rc4 Rd5 56. Re4 Rd7 57. e6 fxe6 58. Re5 Rd5 59. Rxe6 Bd4+ 60. Kc2 Rd8 61. Ne5 Bxe5 62. Rxe5+ Kc4 63. Rxg5 Rd3 64. Rc5+ Kxc5 1/2-1/2

[Event "5th Staunton Mem"]
[Site "London ENG"]
[Date "2007.08.10"]
[Round "4"]
[White "Timman, J."]
[Black "Sokolov, Iv NED"]
[Result "1/2-1/2"]
[WhiteElo "2560"]
[BlackElo "2666"]
[PlyCount "31"]
[EventDate "2007.08.07"]
[Source "www.chesslib.no"]
[SourceDate "2004.05.04"]

1. e4 e5 2. Nf3 Nc6 3. Bb5 a6 4. Bxc6 dxc6 5. O-O Qf6 6. d4 exd4 7. Bg5 Qd6 8. Nxd4 Be7 9. Be3 Nf6 10. f3 c5 11. Nb3 Qc6 12. c4 Be6 13. Qe2 b5 14. N1d2 Nd7 15. f4 f6 16. Rfc1 1/2-1/2

[Event "35th T-ch GR"]
[Site "Ermioni"]
[Date "2006.07.07"]
[Round "3.4"]
[White "Rozentalis, Eduardas"]
[Black "Socko, Bartosz"]
[Result "1/2-1/2"]
[WhiteElo "2605"]
[BlackElo "2621"]
[PlyCount "214"]
[EventDate "2006.07.??"]
[Source "www.chesslib.no"]
[SourceDate "2004.05.04"]

1. e4 e5 2. Nf3 Nc6 3. Bb5 a6 4. Bxc6 dxc6 5. O-O Qd6 6. Na3 b5 7. c3 c5 8. Nc2 Bb7 9. a4 c4 10. axb5 axb5 11. Rxa8+ Bxa8 12. Na3 Bxe4 13. Re1 Nf6 14. Nxb5 Qc6 15. Nxe5 Qxb5 16. Ng4 Qd5 17. Nxf6+ gxf6 18. d3 cxd3 19. Qa4+ Kd8 20. Qxe4 Qxe4 21. Rxe4 Bd6 22. Rd4 Kd7 23. Rxd3 Ra8 24. Kf1 Ra1 25. Rd1 c5 26. Ke2 Kc6 27. Kd3 f5 28. Kc2 Ra4 29. Rd3 Rh4 30. h3 c4 31. Rf3 f4 32. b3 Kd5 33. bxc4+ Kxc4 34. Rd3 Be5 35. f3 f6 36. Rd8 Kc5 37. Kd3 Rh6 38. Rg8 Rg6 39. Rxg6 hxg6 40. c4 f5 41. Ba3+ Kc6 42. Bb4 Bf6 43. Bd2 g5 44. h4 gxh4 45. Bxf4 Kc5 46. Be3+ Kc6 47. Bh6 Be7 48. Kd4 Bf6+ 49. Ke3 Bb2 50. Kd3 Bf6 51. Be3 Be7 52. Ke2 Bd8 53. Bh6 Kc5 54. Kd3 Be7 55. Bg7 Bd8 56. Bd4+ Kc6 57. Ke3 Bg5+ 58. Kf2 Bf4 59. Be3 Bc7 60. f4 Bd6 61. Kg1 Bb4 62. Kf1 Bd6 63. Kf2 Bc7 64. Kf3 Bd8 65. Bd4 Be7 66. Ke3 Bd8 67. Bg7 Kc5 68. Kd3 Be7 69. Bh6 Bd6 70. Bg5 Bc7 71. Be7+ Kc6 72. Ke3 Bb6+ 73. Ke2 Bc7 74. Kf3 Bb8 75. Ke3 Ba7+ 76. Ke2 Bb8 77. Bxh4 Bxf4 78. Kd3 Be5 79. Bf2 Bf6 80. Bd4 Bd8 81. Ke3 Bc7 82. Kf3 Bd6 83. Bf2 Bc7 84. Bg3 Bd8 85. Be5 Bg5 86. Bd4 Bh6 87. Be3 Bf8 88. Kg3 Kd6 89. Bd4 Ke6 90. Kh4 Be7+ 91. Kh5 Bd8 92. Kg6 Be7 93. Kg7 Bd6 94. Bb6 Be5+ 95. Kf8 f4 96. Ke8 Kf5 97. Kd7 Kg4 98. Bf2 f3 99. gxf3+ Kxf3 100. Ba7 Ke4 101. c5 Kd5 102. c6 Bd6 103. Bb6 Be5 104. Bc7 Bc3 105. Bg3 Ba5 106. Bh4 Bb6 107. Be1 Bd8 1/2-1/2

[Event "Hoogovens op"]
[Site "Wijk aan Zee"]
[Date "1995.??.??"]
[Round "12"]
[White "Timman, Jan H"]
[Black "Almasi, Zoltan"]
[Result "0-1"]
[WhiteElo "2635"]
[BlackElo "2590"]
[PlyCount "100"]
[EventDate "1995.01.??"]
[Source "ChessBase"]

1. e4 e5 2. Nf3 Nc6 3. Bb5 a6 4. Bxc6 dxc6 5. O-O Qd6 6. Na3 Be6 7. Qe2 f6 8. Rd1 O-O-O 9. d4 Bg4 10. Be3 exd4 11. Rxd4 Qe7 12. Ra4 Qe8 13. h3 Bh5 14. Re1 Nh6 15. e5 Bxf3 16. Qxf3 Qxe5 17. Re4 Qf5 18. Rf4 Qd5 19. Nc4 Qxf3 20. Rxf3 Nf7 21. Bf4 Bc5 22. Kf1 Rhe8 23. Rxe8 Rxe8 24. c3 Bd6 25. Re3 Rd8 26. Bxd6 Nxd6 27. Nxd6+ cxd6 28. Re7 Rd7 29. Re8+ Rd8 30. Re7 Rd7 31. Re8+ Kc7 32. Ke2 d5 33. Kd3 Kd6 34. b4 Re7 35. Rg8 Kc7 36. a4 Kb6 37. a5+ Kb5 38. Rd8 Ka4 39. h4 g6 40. Rf8 f5 41. h5 Kb3 42. h6 Re1 43. Rf7 Rd1+ 44. Ke2 Rh1 45. Kd3 Rxh6 46. Rxb7 Rh4 47. b5 axb5 48. a6 Rc4 49. Rb6 Rxc3+ 50. Kd4 Kb4 0-1

[Event "Manila ol (Men)"]
[Site "Manila PHI"]
[Date "1992.??.??"]
[Round "?"]
[White "Christiansen, Larry M"]
[Black "Sokolov, Ivan"]
[Result "1/2-1/2"]
[WhiteElo "2595"]
[BlackElo "2630"]
[PlyCount "79"]
[EventDate "1992.06.??"]
[Source "www.chesslib.no"]
[SourceDate "2004.05.04"]

1. e4 e5 2. Nf3 Nc6 3. Bb5 a6 4. Bxc6 dxc6 5. O-O Qd6 6. Na3 Be6 7. Ng5 f6 8. Nxe6 Qxe6 9. d3 b5 10. Nb1 Bd6 11. a4 Ne7 12. Be3 O-O 13. Nd2 Rfb8 14. Nb3 Nc8 15. Qh5 Nb6 16. axb5 axb5 17. Rab1 Nd7 18. Nd2 Ra2 19. Rfc1 Nc5 20. Bxc5 Bxc5 21. g3 Rd8 22. Nf3 Bd4 23. Nxd4 Rxd4 24. Ra1 Rda4 25. Rxa2 Rxa2 26. b3 c5 27. h4 Qd7 28. Kg2 Qe6 29. Qd1 h6 30. Ra1 Qa6 31. Rxa2 Qxa2 32. h5 Kh7 33. Qe2 Qb1 34. Qd2 Qa1 35. Qe3 Qc3 36. Qe2 Qb2 37. f4 Qc3 38. Kh3 c4 39. bxc4 bxc4 40. Qg4 1/2-1/2

[Event "Hallstahammar Open"]
[Site "?"]
[Date "1998.??.??"]
[Round "?"]
[White "Olsson, Dick"]
[Black "Larsson, Per_Erik"]
[Result "1/2-1/2"]
[WhiteElo "2590"]
[BlackElo "2630"]
[PlyCount "113"]
[EventDate "1998.??.??"]
[Source "www.chesslib.no"]
[SourceDate "2004.05.04"]

1. e4 e5 2. Nf3 Nc6 3. Bb5 a6 4. Bxc6 dxc6 5. d4 exd4 6. Qxd4 Qxd4 7. Nxd4 c5 8. Nf3 Bg4 9. Ne5 Be6 10. Nc3 Nf6 11. Bg5 Be7 12. O-O-O Ng4 13. Nxg4 Bxg5+ 14. Ne3 O-O 15. Kb1 c6 16. Na4 Be7 17. Nb6 Rad8 18. f4 Rxd1+ 19. Rxd1 Rd8 20. f5 Bxa2+ 21. Kxa2 Rxd1 22. Nxd1 Bd6 23. h3 Bc7 24. Nc4 b5 25. Nd2 c4 26. Nb1 Bb6 27. b3 cxb3+ 28. Kxb3 a5 29. c4 Bc5 30. Na3 a4+ 31. Ka2 b4 32. Nb1 g6 33. Nd2 b3+ 34. Nxb3 axb3+ 35. Kxb3 Bd4 36. Nb2 Kf8 37. Na4 Ke7 38. c5 Kf6 39. Kc4 Ke5 40. fxg6 fxg6 41. Kd3 h5 42. Nb6 Bxc5 43. Nd7+ Kd6 44. Nf8 g5 45. Nh7 g4 46. Nf6 gxh3 47. gxh3 h4 48. Nh7 Ke5 49. Ng5 Bf2 50. Nf7+ Kf4 51. e5 Kf5 52. Nh6+ Kf4 53. e6 Bc5 54. Nf7 Be7 55. Nh6 Bd6 56. Ng8 Kg3 57. Ke2 1/2-1/2